000
00333 a2200157 4500
001
169760
020
_a
040
_c
Magnum
100
_a
Fry, Plantagenet Somerset
240
1
0
_a
Historia do mundo/v.2
_l
por
245
1
0
_a
Historia do mundo/v.2
362
0
_a
1899
440
1
_a
Globo
697
_a
HISTORIA GERAL
942
_c
BK
999
_c
169760
_d
169760